เปลี่ยนเป็นภาษาไทย

Change to English
 แสดงรายละเอียดบรรณานุกรม
  กลับหน้าหลัก

Brief Record : Get Marc (ISO 2709) : E-mail record : QR code < ปิดหน้าต่าง
mysqli: Table './ulib62015/stat_globaluid' is marked as crashed and should be repaired
select id from stat_globaluid where statuid='20260517143613_268' 
mysqli: Table './ulib62015/stat_globaluid' is marked as crashed and should be repaired
DELETE FROM stat_globaluid
			WHERE id NOT IN (
			  SELECT id
			  FROM (
				SELECT id
				FROM stat_globaluid
				ORDER BY id DESC
				LIMIT 100
			  ) foo
			); 
mysqli: Table './ulib62015/stat_globaluid' is marked as crashed and should be repaired
insert into stat_globaluid set
		statuid='20260517143613_268',
		dt='1779003373',
		phpself='/ULIB62015/dublinfull.php',
		agent='Mozilla/5.0 AppleWebKit/537.36 (KHTML, like Gecko; compatible; ClaudeBot/1.0; +claudebot@anthropic.com)',
		yea='2026',
		mon='5',
		dat='17',
		ip='216.73.216.45'
		
		
mysqli: Table './ulib62015/stathist_viewbib_bib_type' is marked as crashed and should be repaired
insert into stathist_viewbib_bib_type set 
		dat='17' ,
		 mon='05' ,
		  yea='2026' ,
			 statuid='20260517143613_268' ,
			 head='29718' ,
			 foot='marc' ,
			 dt='1779003373' 
		
LEADER : 01174nam 2200277 a 4500
001    29718
003     ULIB
008    030417s2004 caua sb 001 0 eng
020    ^a974-05-0273-3
050    ^a140
060    ^aย127E
082    ^aWG
100    ^aยงยุทธ สหัสกุล
245    ^aECG ทางคลินิก
913    ^aImported by ULIBM Administrator
945    ^p120^l0^i009896
945    ^p120^l0^i009111
945    ^p120^l0^i009895
945    ^p120^l0^i009894
945    ^p120^l0^i009897
949    ^aImport form external file by ULIBM system
รายการนี้ยังไม่มีแท็ก
คุณยังไม่ได้ล็อกอิน คุณสามารถมีกิจกรรมร่วมกับเว็บไซต์ได้ แต่ต้องล็อกอินก่อน ::
  ล็อกอิน
  One Stop Service : ศูนย์ให้บริการแบบเบ็ดเสร็จ   จัดการหนังสือโปรด   แจ้งรายการบรรณานุกรมผิดพลาด
ลำดับที่ ประเภท เลขเรียก/บาร์โค้ด สถานที่ สถานะ
1. หนังสือ
หนังสือ
WG 140 ย127E 2004 ฉ.1 
  Barcode: 009111
หนังสือทั่วไป บนชั้น
  ขอยืม
2. หนังสือ
หนังสือ
WG 140 ย127E 2004 ฉ.2 
  Barcode: 009894
หนังสือทั่วไป บนชั้น
  ขอยืม
3. หนังสือ
หนังสือ
WG 140 ย127E 2004 ฉ.3 
  Barcode: 009895
หนังสือทั่วไป บนชั้น
  ขอยืม
4. หนังสือ
หนังสือ
WG 140 ย127E 2004 ฉ.4 
  Barcode: 009897
หนังสือทั่วไป บนชั้น
  ขอยืม
5. หนังสือ
หนังสือ
WG 140 ย127E 2004 ฉ.5 
  Barcode: 009896
หนังสือทั่วไป บนชั้น
  ขอยืม

BibComment


ยังไม่เคยถูกคอมเมนท์

คอมเมนท์ทรัพยากรรายการนี้
  คอมเมนท์: ECG ทางคลินิก
Bib 29718

 
 
 

 Union Library Management : ULibM
Copyright 2026. All Rights Reserved.